The Technology of Printed Circuits : (Record no. 193556)
[ view plain ]
| 000 -LEADER | |
|---|---|
| fixed length control field | 01295 a2200169 4500 |
| 003 - CONTROL NUMBER IDENTIFIER | |
| control field | Nust |
| 005 - DATE AND TIME OF LATEST TRANSACTION | |
| control field | 20221202115606.0 |
| 040 ## - CATALOGING SOURCE | |
| Transcribing agency | Nust |
| 082 ## - DEWEY DECIMAL CLASSIFICATION NUMBER | |
| Classification number | 621.38153,EIS |
| 100 ## - MAIN ENTRY--PERSONAL NAME | |
| Personal name | Paul Eisler |
| 9 (RLIN) | 104004 |
| 245 ## - TITLE STATEMENT | |
| Title | The Technology of Printed Circuits : |
| Remainder of title | The foil Technique in electronic production / |
| Statement of responsibility, etc. | Paul Eisler |
| 260 ## - PUBLICATION, DISTRIBUTION, ETC. | |
| Place of publication, distribution, etc. | london |
| Name of publisher, distributor, etc. | Heywood |
| Date of publication, distribution, etc. | 1959 |
| 300 ## - PHYSICAL DESCRIPTION | |
| Extent | 405p; |
| 505 ## - FORMATTED CONTENTS NOTE | |
| Formatted contents note | The Basic Story of Printed Circuits (Page-1), The Confused Start of a New Technology (Page-7), The Principles of Method Selection and the Foil Tech (Page-28), Watching Printed Circuits Production (Page-42), Form the Drawing to the Photo-Stencil (Page-72), Litho Printing (Page-90), Photomechanical Printing Processes (Page-96), Plating and the Foil Tech (Page-111), Ancillary Operations (Page-132), Laboratory Routine (Page-146), Design (Page-159), Conventional Components for Assembly (Page-185), Printed Circuits Trouble Shooting (Page-192), Automatic Assembly in the Electronic (Page-205), Regeneration of Ferric Chloride (Page-223), Weight Saving and Heat Dissipation (Page-232), Miniaturization (Page-242), Oriented Components (Page-253), Microwave Printed Circuits (Page-281), Printed Circuits and The Electronics Industry (Page-303). |
| 650 ## - SUBJECT ADDED ENTRY--TOPICAL TERM | |
| Topical term or geographic name entry element | Telecommunication Engineering |
| 942 ## - ADDED ENTRY ELEMENTS (KOHA) | |
| Source of classification or shelving scheme | |
| Koha item type | Book |
| Withdrawn status | Lost status | Source of classification or shelving scheme | Damaged status | Not for loan | Permanent Location | Current Location | Shelving location | Date acquired | Full call number | Barcode | Date last seen | Price effective from | Koha item type | Public note |
|---|---|---|---|---|---|---|---|---|---|---|---|---|---|---|
| Military College of Signals (MCS) | Military College of Signals (MCS) | General Stacks | 12/12/2016 | 621.38153,EIS | MCS5527 | 12/08/2016 | 12/12/2016 | Book | Almirah No.34, Shelf No.2 |
